| 000 | 01929naa a2200265 i 4500 | ||
|---|---|---|---|
| 001 | BPP | ||
| 003 | BPK | ||
| 005 | 20190606151629.0 | ||
| 008 | 140731s1995 pl f |000 0 pol | ||
| 040 | _cBPK | ||
| 080 | _a621.791/.795 | ||
| 100 |
_aKARPIŃSKI, Tadeusz. _d1996 - 2001. _bPolitechnika Koszalińska - Wydział Mechaniczny, _cKatedra Inżynierii Produkcji |
||
| 245 |
_aOcena mikronierówności supergładkich powierzchni metodami światła rozproszonego / _cTadeusz Karpiński, Czesław Łukianowicz, Tatiana Łukianowicz. |
||
| 260 | _c1995. | ||
| 500 | _aDane z autopsji. | ||
| 520 | _aW pracy dokonano krótkiego przeglądu metod oceny mikronierówności powierzchni supergładkich. Przedstawiono metody oceny nierówności powierzchni wykorzystujące zjawisko rozproszenia światła przez powierzchnie chropowate. Opisano trzy podstawowe grupy metod rozproszenia do oceny mikronierówności powierzchni: polegające na pomiarze natężenia światła odbitego zwierciadlanie, wykorzystujące pomiar całkowitego natężenia światła rozproszonego oraz oparte na pomiarze kątowego rozkładu natężenia światła rozproszonego. | ||
| 650 | 0 | _aPowierzchnia. | |
| 655 | 0 | _aMateriały konferencyjne. | |
| 650 | 0 | _aChropowatość | |
| 700 |
_aŁUKIANOWICZ, Czesław. _d1996 - . _bPolitechnika Koszalińska - Wydział Mechaniczny, _cKatedra Inżynierii Produkcji |
||
| 700 |
_aŁUKIANOWICZ, Tatiana. _d1996 - . _bPolitechnika Koszalińska - Wydział Mechaniczny, _cKatedra Inżynierii Produkcji |
||
| 711 |
_aOgólnopolska Konferencja Naukowo-Techniczna _n(6 ; _d1995.09.21-22 ; _cRzeszów, Polska). |
||
| 773 |
_iW : _tMetrologia w technikach wytwarzania maszyn. Zbiór prac VI Konferencji Naukowo-Technicznej / pod red. Kazimierza E. Oczosia, Eugeniusza Ratajczaka i Jana Sieniawskiego. - _dRzeszów : Oficyna Wydaw. Politechniki Rzeszowskiej, 1995. - _gs. 33-42 |
||
| 942 |
_cART _2UKD |
||
| 999 |
_c3497 _d3497 |
||